000 00316nam a2200109Ia 4500
008 200302s9999 xx 000 0 und d
100 _aBryn Greern and Willem Vos
245 _aThreatened Landscapes Conserving Cultural Environments
260 _bSpon Press Taylor & Francis Group
260 _c2001
300 _a169 P.,
999 _c5502
_d5502